Tutti gli Stati che hanno controllato Montreal - Statistics

Statistiche generali
  • Questo quiz è stato fatto 5 volte
  • Il punteggio medio è 7 su 9
Statistiche sulle risposte
con Immagini Hint Risposta % Corretto
1760 - 1775 Impero Britannico (Nord America Britannico)
100%
1776 - 1837 Impero Britannico (Nord America Britannico)
100%
1775 - 1776 Ribelli Americani delle 13 Colonie
100%
1931 - Oggi Commonwealth del Canada
80%
1837 - 1931 Dominion del Canada
80%
1837 - 1867 Impero Britannico (Nord America Britannico)
80%
1642 - 1760 Impero Coloniale Francese (Nuova Francia)
80%
1837 Ribelli Patrioti del Canada Inferiore
20%
~1500 - 1642 Tribù Irochese di Hochelaga
20%
Nessun quiz corrispondente trovato
Distribuzione punteggi
Percentuale di utenti per punteggio
Percentile per numero di risposta
I tuoi punteggi nel tempo
Non hai fatto questo quiz